Sem atlas of cells and tissues
Gorde:
| Formatua: | Liburua |
|---|---|
| Hizkuntza: | Undetermined |
| Argitaratua: |
Tokyo, Japan
Igaku-Shoin
1981
|
| Gaiak: | |
| Etiketak: |
Etiketa erantsi
Etiketarik gabe, Izan zaitez lehena erregistro honi etiketa jartzen!
|
| Thư viện lưu trữ: | Trung tâm Học liệu Trường Đại học Cần Thơ |
|---|
| LEADER | 00437nam a2200157Ia 4500 | ||
|---|---|---|---|
| 001 | CTU_26547 | ||
| 008 | 210402s9999 xx 000 0 und d | ||
| 082 | |a 610.28 | ||
| 082 | |b S471 | ||
| 245 | 0 | |a Sem atlas of cells and tissues | |
| 260 | |a Tokyo, Japan | ||
| 260 | |b Igaku-Shoin | ||
| 260 | |c 1981 | ||
| 650 | |a cytology - atlases,histology - atlases | ||
| 904 | |i Minh, 981013 | ||
| 980 | |a Trung tâm Học liệu Trường Đại học Cần Thơ | ||